| 000 | 00387nam a2200121Ia 4500 | ||
|---|---|---|---|
| 008 | 220620s9999||||xx |||||||||||||| ||und|| | ||
| 020 | _a9781840000000 | ||
| 245 | 0 | _aAdvanced Applications of Hydrogen and Engineering Systems in the Automotive Industry | |
| 546 | _aEnglish[eng] | ||
| 700 | _aCocco, Luigi||Aziz, Muhammad | ||
| 856 | _uhttps://www.intechopen.com/books/10385 | ||
| 942 | _cEB | ||
| 999 |
_c27524 _d27524 |
||